000 00681nam a2200181Ia 4500
008 090711s9999 xx 000 0 und d
082 _b1800
100 _aअली सलिम / फतेहअली लईक
245 _aभारतीय पक्षी
260 _b"नॅशनल बुक ट्रस्ट, इंडिया"
_c2000
300 _a104
600 _aअली सलिम / फतेहअली लईक
630 _aभारतीय पक्षी
700 _aसोवनी रा. वि.
700 _aअली सलिम / फतेहअली लईक
730 _aभारतीय पक्षी
942 _cBOOK
999 _c338839
_d338836